Library Banner

Memoirs (Record no. 82169)

MARC details
000 -LEADER
fixed length control field 00357nam a22001457a 4500
005 - DATE AND TIME OF LATEST TRANSACTION
control field 20160125100255.0
008 - FIXED-LENGTH DATA ELEMENTS--GENERAL INFORMATION
fixed length control field 160125b xxu||||| |||| 00| 0 eng d
040 ## - CATALOGING SOURCE
Transcribing agency PK-LaUMT
082 ## - DEWEY DECIMAL CLASSIFICATION NUMBER
Classification number AMC 973.918
Item number HAR-M
100 ## - MAIN ENTRY--PERSONAL NAME
Personal name Harry S. truman
245 ## - TITLE STATEMENT
Title Memoirs
Statement of responsibility, etc Harry S. truman
260 ## - PUBLICATION, DISTRIBUTION, ETC. (IMPRINT)
Place of publication, distribution, etc New York
Name of publisher, distributor, etc Signet books
Date of publication, distribution, etc 1955
300 ## - PHYSICAL DESCRIPTION
Extent 637 p.
942 ## - ADDED ENTRY ELEMENTS (KOHA)
Koha item type Books
Holdings
Withdrawn status Lost status Damaged status Home library Current library Date acquired Full call number Barcode Date last seen Price effective from Koha item type
      UMT Main Campus UMT Main Campus 2016-01-25 AMC 973.918 HAR-M 85901 2016-01-25 2016-01-25 Books